00205nam a2200085Ia 4500008004100000041000800041100001600049245003600065260001800101230508s2000 xx 000 0 und d aeng aGULATI R.R. aCOMPOSIT SATELITE AND CABLE T V bNEW AGEc2000